000 00813cam a2200265 i 4500
999 _c200432573
_d50785
001 200432573
003 TR-AnTOB
005 20241129155056.0
007 t
008 111124n gaua eng eng
040 _aTR-AnTOB
_beng
_erda
_cTR-AnTOB
041 _ageo
_aeng
050 1 _aDK679.5.B38
090 _aDK679.5.B38
245 0 0 _aNew Batumi.
_c
264 1 _aBatumi :
_bDepartment of Tourism and Resorts of Ajara,
_c[date of publication not identified]
300 _aunnumbered pages :
_billustrations ;
_c23x25 cm.
336 _2rdacontent
_atext
_btxt
337 _2rdamedia
_aunmediated
_bn
338 _2rdacarrier
_avolume
_bnc
651 0 _aBatumi (Georgia)
_xHistory
_9110757
651 0 _aBatumi (Georgia)
_vPictorial works
_xPictorial works
_9122806
942 _2lcc
_cBK